[Event "ECU pre olympic (Women)"]
[Site "Duran"]
[Date "2016.05.14"]
[Round "10"]
[White "Penafiel Mendoza, Josselyne Stefania"]
[Black "Acosta, Gabriela"]
[Result "1-0"]
[WhiteElo "1747"]
[BlackElo "1556"]
[PlyCount "87"]
[EventDate "2016.05.09"]
[EventType "tourn"]
[EventRounds "11"]
[EventCountry "ECU"]
[SourceTitle "CBM 172 Extra"]
[Source "ChessBase"]
[SourceDate "2016.06.21"]
[SourceVersion "1"]
[SourceVersionDate "2016.06.21"]
[SourceQuality "1"]

1. c4 e5 2. Nc3 g6 3. g3 Bg7 4. Bg2 Nc6 5. d3 d6 6. e4 Nge7 7. Nge2 0-0 8. 0-0 Be6 9. Be3 Qd7 10. Nd5 Nd8 11. d4 Nc8 12. Qd3 c6 13. Ndc3 Bh3 14. Rad1 Bxg2 15. Kxg2 Qe7 16. f4 exf4 17. gxf4 f5 18. e5 Nf7 19. Ng3 h5 20. Rg1 Rd8 21. Qe2 Nh6 22. h3 d5 23. cxd5 cxd5 24. Na4 b6 25. Nc3 Qd7 26. Rc1 a6 27. Kh1 Kh7 28. Qg2 Ra7 29. Nf1 Qe6 30. Bf2 Nf7 31. Ne3 Ne7 32. Bh4 Rad7 33. Bxe7 Rxe7 34. Ncxd5 Red7 35. Nc7 Rxc7 36. Rxc7 Rxd4 37. Rc6 Nd6 38. Rxd6 Rxd6 39. exd6 Qxd6 40. Nxf5 Qf6 41. Nxg7 Qxg7 42. f5 Kh6 43. Qxg6+ Qxg6 44. Rxg6+ 1-0

[Event "ECU pre olympic (Women)"]
[Site "Duran"]
[Date "2016.05.13"]
[Round "7"]
[White "Acosta, Gabriela"]
[Black "Moncayo Romero, Evelyn"]
[Result "0-1"]
[WhiteElo "1556"]
[BlackElo "2022"]
[PlyCount "66"]
[EventDate "2016.05.09"]
[EventType "tourn"]
[EventRounds "11"]
[EventCountry "ECU"]
[SourceTitle "CBM 172 Extra"]
[Source "ChessBase"]
[SourceDate "2016.06.21"]
[SourceVersion "1"]
[SourceVersionDate "2016.06.21"]
[SourceQuality "1"]

1. e4 c5 2. Nc3 a6 3. g3 b5 4. Bg2 Bb7 5. d3 e6 6. Nh3 h5 7. f4 b4 8. Ne2 Nh6 9. Nf2 d5 10. e5 Nd7 11. c3 Qb6 12. d4 cxd4 13. cxd4 Nf5 14. h3 Rc8 15. b3 a5 16. Bb2 Ne3 17. Qd2 Nxg2+ 18. Kf1 Rc2 19. Qd3 Ba6 20. Kxg2 Bxd3 21. Nxd3 Rxe2+ 22. Kf3 Rc2 23. Rac1 Qb5 24. Ke3 Rxc1 25. Rxc1 Be7 26. Rc8+ Bd8 27. a3 0-0 28. axb4 axb4 29. Ra8 g5 30. Ra4 gxf4+ 31. gxf4 Be7 32. Nc1 Kh7 33. Ne2 Rg8 0-1